Nature play at home : creating outdoor spaces that ... Read More
Available copies
- 1 of 1 copy available at LARL/NWRL Consortium. (Show)
- 1 of 1 copy available at Lake Agassiz Regional Library.
Current holds
1 current hold with 1 total copy.
Show Only Available Copies
| Location | Call Number / Copy Notes | Barcode | Shelving Location | Status | Due Date |
|---|---|---|---|---|---|
| Crookston Public Library | 796.083 STR (Text) | 33500013036207 | Main | Available | - |
Record details
- ISBN: 9781604698251
- ISBN: 160469825X
- Physical Description: pages cm
- Publisher: Portland, Oregon : Timber Press, 2019.
Content descriptions
| Bibliography, etc. Note: | Includes bibliographical references and index. |
| Formatted Contents Note: | Arranging spaces -- Awakening senses -- ... Read More |
Search for related items by subject
| Subject: | Outdoor recreation for children. Nature study. Play. Nature study. Outdoor recreation for children. Play. |
| LDR | 01626cam a22004098i 4500 | ||
|---|---|---|---|
| 001 | 310338 | ||
| 003 | LARL_NWRL_CONSORTIUM | ||
| 005 | 20190215165011.0 | ||
| 008 | 180907s2019 oru b 001 0 eng | ||
| 010 | . | ‡a 2018038898 | |
| 040 | . | ‡aDNAL/DLC ‡beng ‡erda ‡cDLC ‡dOCLCF ‡dOCLCO | |
| 020 | . | ‡a9781604698251 ‡q(pbk.) | |
| 020 | . | ‡a160469825X | |
| 035 | . | ‡a(OCoLC)1052903497 | |
| 042 | . | ‡apcc | |
| 070 | 0 | . | ‡aGV191.63 ‡b.S77 2019 |
| 082 | 0 | 0. | ‡a796.083 ‡223 |
| 100 | 1 | . | ‡aStriniste, Nancy, ‡d1958- ‡eauthor. |
| 245 | 1 | 0. | ‡aNature play at home : ‡bcreating outdoor spaces that connect children with the natural world / ‡cNancy Striniste ; illustrations by Jen Ren. |
| 264 | 1. | ‡aPortland, Oregon : ‡bTimber Press, ‡c2019. | |
| 300 | . | ‡apages cm | |
| 336 | . | ‡atext ‡2rdacontent | |
| 337 | . | ‡aunmediated ‡2rdamedia | |
| 338 | . | ‡avolume ‡2rdacarrier | |
| 504 | . | ‡aIncludes bibliographical references and index. | |
| 505 | 0 | . | ‡aArranging spaces -- Awakening senses -- Challenging bodies -- Inviting nature -- Inspiring imagination -- Building confidence -- Creating comfort -- Taking action. |
| 650 | 0. | ‡aOutdoor recreation for children. ‡0(LARL_NWRL_CONSORTIUM)27371 | |
| 650 | 0. | ‡aNature study. ‡0(LARL_NWRL_CONSORTIUM)26607 | |
| 650 | 0. | ‡aPlay. ‡0(LARL_NWRL_CONSORTIUM)28339 | |
| 650 | 7. | ‡aNature study. ‡2fast ‡0(LARL_NWRL_CONSORTIUM)26607 | |
| 650 | 7. | ‡aOutdoor recreation for children. ‡2fast ‡0(LARL_NWRL_CONSORTIUM)27371 | |
| 650 | 7. | ‡aPlay. ‡2fast ‡0(LARL_NWRL_CONSORTIUM)28339 | |
| 776 | 0 | 8. | ‡iOnline version: ‡aStriniste, Nancy, 1958- author. ‡tNature play at home ‡dPortland, Oregon : Timber Press, 2019 ‡z9781604698961 ‡w(DLC) 2018044004 |
| 905 | . | ‡uvanderl | |
| 901 | . | ‡a310338 ‡b ‡c310338 ‡tbiblio ‡soclc | |

Add to basket
Permalink
Disable Highlighting